000
00354nam a2200169Ia 4500
100
_a
Venkataramani/Bhaskar
650
_a
DSP
250
_a
2
942
_c
BK
366
_f
20
245
_a
Digital Signal processors
260
_b
Tata Mc Graw hill Ltd.
_c
2011
082
_a
621.3822
_b
VEN
300
_a
570
546
_a
ENGLISH
_c
TTL
999
_c
20852
_d
20852